Fast Typing to One Hundred - Hexadecimal - Statistics

General Stats
  • This quiz has been taken 383 times
  • The average score is 43 of 100
Answer Stats
# % Correct
1
100%
2
99%
3
99%
4
99%
5
99%
6
98%
7
98%
8
98%
9
97%
F
62%
A
61%
B
61%
C
61%
D
61%
E
61%
10
52%
11
52%
12
52%
13
52%
14
52%
15
52%
16
52%
17
52%
18
52%
19
51%
1A
48%
1B
48%
1C
48%
1D
48%
1E
47%
1F
47%
20
47%
21
47%
22
47%
23
46%
24
46%
25
46%
26
46%
27
46%
28
45%
29
45%
2A
44%
2B
44%
2C
44%
2D
44%
2E
44%
2F
44%
30
43%
31
43%
32
42%
33
42%
34
41%
35
41%
36
41%
37
40%
38
39%
39
39%
3A
38%
3B
37%
3C
37%
3D
35%
3E
35%
3F
35%
40
34%
41
33%
42
33%
43
32%
44
32%
45
32%
46
31%
47
31%
48
31%
49
31%
4A
30%
4B
29%
4C
28%
4D
27%
4E
27%
4F
26%
50
24%
51
24%
52
24%
53
24%
54
23%
55
23%
56
22%
57
21%
58
21%
59
20%
5A
18%
5B
17%
5C
17%
5D
16%
5E
16%
5F
16%
60
14%
61
13%
62
13%
63
12%
64
12%
No matching quizzes found
Score Distribution
Percent of People with Each Score
Percentile by Number Answered
Your Score History
You have not taken this quiz